000 00932nas a2200289 4500
001 BR2011002257
003 BR-BrBNA
005 20231205115252.0
007 ta
008 230509b bl.|||p| |||| 00| 00por d
040 _aBR-BrBNA
_bpor
_cBiblioteca Nacional de Agricultura
041 _a(Pt)
072 _aK10
100 1 _aBrondani, G.E.
100 1 _aWendling, I.
100 1 _aGrossi, F.
100 1 _aDutra, L.F.
100 1 _aAraujo, M.A.
245 1 _aMiniestaquia de Eucalyptus benthamii x Eucalyptus dunnii (II)sobrevivência e enraizamento de miniestacas em função das coletas e estações do ano
650 _aEUCALIPTO
650 _aPROPAGAÇÃO VEGETATIVA
650 _aENRAIZAMENTO DE ESTACA
650 _aCLONAGEM
773 0 _tCiência Florestal (Brazil)
_xISSN 0103-9954
_g(Jul-Sep 2010), v. 20(3) p. 453-465
_wBR2011002257
909 _a202311
_bLúcia
_c55
_dLúcia Elande
942 _2AGRIS
_n0
_cANA
999 _c212929
_d212929